Foriegn Investment Review Board : report 1993-94.
| Format: | Book |
|---|---|
| Published: |
Canberra:
Australia Government Publishing Service,
1994.
|
| Subjects: |
| LEADER | 00473cam a2200157 7i4500 | ||
|---|---|---|---|
| 001 | 0000004064 | ||
| 005 | 19991025090000.0 | ||
| 002 | ##000005511 | ||
| 020 | 0 | 0 | |a 0-644-33186-0 |
| 090 | 0 | 0 | |a ASTL 332.6 |b FOR |
| 245 | 0 | 0 | |a Foriegn Investment Review Board : |b report 1993-94. |
| 260 | 0 | 0 | |a Canberra: |b Australia Government Publishing Service, |c 1994. |
| 300 | 0 | 0 | |a 76 p.. |
| 650 | 0 | 0 | |a Investments, Foreign |
| 651 | 0 | 0 | |a Australia |
| 999 | |a 0000005031 |b Book |c Open shelf |e Business Information Centre | ||


